UBT Library

Acting out culture : (Record no. 39334)

000 -LEADER
fixed length control field 00755cam a2200277 a 4500
001 - CONTROL NUMBER
control field 16447786
005 - DATE AND TIME OF LATEST TRANSACTION
control field 20171222070845.0
008 - FIXED-LENGTH DATA ELEMENTS--GENERAL INFORMATION
fixed length control field 100907s2011 maua b 001 0 eng d
010 ## - LIBRARY OF CONGRESS CONTROL NUMBER
LC control number 2010936408
020 ## - INTERNATIONAL STANDARD BOOK NUMBER
International Standard Book Number 0312624298
020 ## - INTERNATIONAL STANDARD BOOK NUMBER
International Standard Book Number 9780312624293
035 ## - SYSTEM CONTROL NUMBER
System control number (OCoLC)ocn709923721
040 ## - CATALOGING SOURCE
Original cataloging agency ICO
Transcribing agency ICO
Modifying agency DLC
041 ## - LANGUAGE CODE
Language code of text/sound track or separate title eng
042 ## - AUTHENTICATION CODE
Authentication code lccopycat
043 ## - GEOGRAPHIC AREA CODE
Geographic area code n-us---
080 ## - UNIVERSAL DECIMAL CLASSIFICATION NUMBER
Universal Decimal Classification number 37JAM
082 ## - DEWEY DECIMAL CLASSIFICATION NUMBER
Classification number 37JAM
100 1# - Rafti
Rafti 46
101 ## - Shkurtesa
Shkurtesa EDU
245 10 - TITLE STATEMENT
Title Acting out culture :
Statement of responsibility, etc James S. Miller.
504 ## - BIBLIOGRAPHY, ETC. NOTE
Bibliography, etc Includes bibliographical references and index.
906 ## - LOCAL DATA ELEMENT F, LDF (RLIN)
a 7
b cbc
c copycat
d 2
e epcn
f 20
g y-gencatlg
942 ## - ADDED ENTRY ELEMENTS (KOHA)
Source of classification or shelving scheme
Item type Books
Holdings
Withdrawn status Lost status Source of classification or shelving scheme Damaged status Not for loan Permanent location Current location Date acquired Total Checkouts Full call number Barcode Date last seen Price effective from Koha item type
          UBT - Lipjan UBT - Lipjan 12/22/2017   37JAM 002-2939846 12/22/2017 12/22/2017 Books
UBT Library © 2015-2024. All rights reserved University Education for Business and Technology